Roue de la fortune - Mort subite #7 - Statistiques

Statistiques générales
  • Ce quiz a été pris 270 fois
  • Le résultat moyen est 16 sur 20
Statistiques - réponses
% Correct
E
98%
E
98%
E
98%
A
95%
A
95%
A
95%
L
87%
L
87%
R
79%
R
79%
R
79%
N
78%
S
77%
T
75%
T
75%
U
75%
M
71%
G
68%
C
66%
B
65%
Aucun quiz correspondant
Distribution des résultats
% des personnes avec chaque résultat
Percentile par nombre de réponses
Votre historique - résultats
Vous n’avez pas pris ce quiz